000 00551nam a22001937a 4500
003 OSt
005 20240628104621.0
008 240628b |||||||| |||| 00| 0 eng d
020 _a9780750685085
040 _aDDC
_cMUST
082 _a338.04 DRU 2007
_b20
100 _aDrucker Peter F.
_92805
245 _aInnovation and Entrepreneurship:
_bPractice and Principles/
260 _aNY:
_bElsevier;
_c2007.
300 _axv,253p.:
_c23.5cm.
504 _aIncludes Bibliographical Indexes.
650 _aEntrepreneurship
_96831
942 _2ddc
_cO_SHELF
999 _c9005
_d9005